01662cam a22003977a 4500003000500000005001700005008004100022010001000063011001000073035001100083040000900094090001000103100003800113245016000151260004100311300002000352502007500372590003700447590004100484590004100525590004100566590004200607650004200649650001600691650004200707650003300749700004100782901000700823905002600830942000900856949005100865949006300916999001700979952014000996952012801136CHAP20220817043940.0040615d2003 mx a r 00110 spa d a88503 a89475 a100026 cCHAP aTesis00aRodríguez Cabrera, Ever.99834610aEvaluación de aspectos técnicos y financieros en proyectos productivos de huevo para platoc/por Ever Rodríguez Cabrera y Jacobo Rodríguez Quiróz aChapingo, Méx. :bEl autor,c2003. a102 h. :bilus. aTesis (Ing. Agr. Esp. en Zootecnia) -- UACH. Departamento de Zootecnia aALEPHb10c20130110lUCH01h1459 aBATCH-UPDb10c20130110lUCH01h0427 aBATCH-UPDb10c20130410lUCH01h0102 aBATCH-UPDb10c20130914lUCH01h0451 aCONVERSIONb10c20130109lUCH01h134914aAves de corralxAlimentación.9863814aAvicultura.14aHuevosxAspectos económicos.95674014aHuevosxProducción.95675900aRodríguez Quiróz, Jacobo.998805 aBK aAlejandra Carrasco M. cFOLL aTesisbBCcTESd1000261eTS1h42058i100026sb aTesisbBCcTESd33724000794681eTS2fc.2h42059i100026si c88503d88503 00102local4053708TESISaBCbBCcPA_TESISd2019-12-31fTESISl0oTesisp33724000794681r2019-12-31 00:00:00tc.2w2019-12-31yTESIS 00102local4051708TESISaBCbBCcPA_TESISd2019-12-31fTESISl0oTesisp1000261r2019-12-31 00:00:00w2019-12-31yTESIS